000 00512nam a2200205Ia 4500
005 20250707154245.0
008 008 250516s9999 xx 000 0 eng d
020 _a9788131271797
040 _beng
_cSDCL
041 _aeng
_2eng
084 _aG11 R4
100 _aPollard, Thomas D
_9435499
245 0 _aCell Biology
250 _a4th ed.
260 _aNew Delhi :
_bElsevier,
_c2024.
300 _axi, 932p.
650 _aGenetics
700 _aEarnshaw, William C.
_9435500
942 _cTEXL
_2CC
999 _c1430128
_d1430128